[Event "AUTO-OPEN-1286"]
[Site "http://www.queenalice.com/game.php?id=471741"]
[Date "2008.10.2"]
[Round "1"]
[White "fugazeton2"]
[Black "zZzFrankzZz"]
[Result "1-0"]
[WhiteElo "1651"]
[BlackElo "1030"]

1. d4 Nf6 2. c4 d5 3. e3 e6 4. Nf3 Ne4 5. Nc3 Nxc3 6. bxc3 c6 7. c5 b5 8. Be2 a5
9. O-O b4 10. cxb4 axb4 11. Qb3 Na6 12. Bd2 Qa5 13. Rfb1 Bxc5 14. dxc5 Qxc5 15.
Rc1 Qd6 16. Bxa6 Rxa6 17. Qxb4 Qxb4 18. Bxb4 Bd7 19. a3 f5 20. Ne5 g6 21. Nxd7
Kxd7 22. Rc2 h5 23. Bc3 Rha8 24. Rca2 g5 25. Kf1 f4 26. exf4 gxf4 27. f3 h4 28.
Be5 h3 29. gxh3 1-0

[Event "AUTO-BEG-254"]
[Site "http://www.queenalice.com/game.php?id=473788"]
[Date "2008.10.7"]
[Round "1"]
[White "ferrari"]
[Black "zZzFrankzZz"]
[Result "1-0"]
[WhiteElo "1081"]
[BlackElo "1077"]

1. d4 c5 2. Nf3 cxd4 3. Nxd4 e5 4. Nf3 Qf6 5. e4 Bb4+ 6. c3 Be7 7. Bc4 Nc6 8.
O-O Nh6 9. Bg5 Qg6 10. Bxe7 Nxe7 11. Nxe5 Qxe4 12. Re1 Qxc4 13. Nxc4 d5 14. Nd6+
1-0

[Event "AUTO-BEG-254"]
[Site "http://www.queenalice.com/game.php?id=473789"]
[Date "2008.10.7"]
[Round "1"]
[White "zZzFrankzZz"]
[Black "ferrari"]
[Result "0-1"]
[WhiteElo "1011"]
[BlackElo "1235"]

1. d4 Nf6 2. c4 g6 3. d5 d6 4. h4 Bg7 5. Qa4+ Bd7 6. Qb3 b6 7. Nf3 O-O 8. g3 Na6
9. Bg5 Nc5 10. Qc2 c6 11. Bh3 Bxh3 12. Rxh3 Qd7 13. Rh1 cxd5 14. cxd5 Nxd5 15.
Na3 Rac8 0-1

[Event "AUTO-OPEN-1293"]
[Site "http://www.queenalice.com/game.php?id=474007"]
[Date "2008.10.7"]
[Round "1"]
[White "zZzFrankzZz"]
[Black "CONTEMPLATIF"]
[Result "0-1"]
[WhiteElo "1017"]
[BlackElo "1741"]

1. d4 d5 2. c4 e6 3. Bf4 Nf6 4. a3 Be7 5. Qa4+ Bd7 6. Qb3 b6 7. cxd5 Nxd5 8. g3
Nxf4 9. gxf4 Bc6 10. f3 Nd7 11. Nd2 Bh4+ 12. Kd1 Be7 13. Qc2 Bb7 14. Bh3 Nf6 15.
b4 Qxd4 16. Rc1 Rd8 17. f5 exf5 18. Qd3 Qxd3 19. exd3 Rxd3 20. Bxf5 Rxd2+ 21.
Kxd2 c5 22. Ne2 Bxf3 23. Rhe1 O-O 24. b5 Rd8+ 0-1

[Event "AUTO-OPEN-1293"]
[Site "http://www.queenalice.com/game.php?id=474008"]
[Date "2008.10.7"]
[Round "1"]
[White "CONTEMPLATIF"]
[Black "zZzFrankzZz"]
[Result "1-0"]
[WhiteElo "1739"]
[BlackElo "1019"]

1. Nf3 d5 2. d4 c5 3. e3 Nf6 4. c4 e6 5. cxd5 Qxd5 6. Nc3 Qf5 7. Bd3 Qh5 8. Ne5
Qxd1+ 9. Nxd1 cxd4 10. exd4 Nbd7 11. Nxd7 Bxd7 12. O-O Rd8 13. Be3 a6 14. a3 Ba4
15. Nc3 Bc6 16. Be2 b5 17. b4 Nd5 18. Nxd5 Bxd5 19. Rac1 h5 20. Rc3 h4 21. h3 g6
22. Rfc1 f5 23. f4 1-0

[Event "AUTO-OPEN-1293"]
[Site "http://www.queenalice.com/game.php?id=474011"]
[Date "2008.10.7"]
[Round "1"]
[White "zZzFrankzZz"]
[Black "muppyman"]
[Result "0-1"]
[WhiteElo "1019"]
[BlackElo "1865"]

1. d4 d5 2. c4 Nf6 3. cxd5 Nxd5 4. e4 Nf6 5. Nd2 Qxd4 6. Ngf3 Qd8 7. b4 e6 8.
Ne5 Bxb4 9. Qa4+ Nc6 10. Nxc6 Bxd2+ 11. Bxd2 bxc6 12. Qxc6+ Bd7 0-1

[Event "AUTO-OPEN-1293"]
[Site "http://www.queenalice.com/game.php?id=474012"]
[Date "2008.10.7"]
[Round "1"]
[White "muppyman"]
[Black "zZzFrankzZz"]
[Result "1-0"]
[WhiteElo "1863"]
[BlackElo "1019"]

1. e4 d5 2. exd5 Qxd5 3. Nc3 Qe6+ 4. Be2 a5 5. d4 g6 6. Nb5 Na6 7. Nf3 c6 8. Ng5
Qf6 9. Nc3 Nh6 10. O-O Nf5 11. d5 cxd5 12. Nxd5 1-0

[Event "AUTO-OPEN-1294"]
[Site "http://www.queenalice.com/game.php?id=474347"]
[Date "2008.10.8"]
[Round "1"]
[White "zZzFrankzZz"]
[Black "ClaudioMagno"]
[Result "0-1"]
[WhiteElo "1077"]
[BlackElo "1986"]

1. e4 c5 2. c3 d5 3. Qa4+ Bd7 4. Qb3 Bc6 5. Bb5 Qd7 6. a4 Bxb5 7. axb5 dxe4 8.
b6 axb6 9. Rxa8 Qc7 10. Qb5+ Kd8 11. Nh3 Nf6 12. d3 h6 13. Bf4 e5 14. Bxe5 Qxe5
15. Qxb6+ Kc8 16. Ra7 exd3+ 17. Kf1 Qe2+ 0-1

[Event "AUTO-OPEN-1294"]
[Site "http://www.queenalice.com/game.php?id=474348"]
[Date "2008.10.8"]
[Round "1"]
[White "ClaudioMagno"]
[Black "zZzFrankzZz"]
[Result "1-0"]
[WhiteElo "2094"]
[BlackElo "1019"]

1. e4 e5 2. f4 exf4 3. Nf3 Nc6 4. d4 Nf6 5. e5 Ne4 6. d5 Na5 7. Qd4 Ng5 8. b4
Nxf3+ 9. gxf3 Qh4+ 10. Ke2 b6 11. bxa5 Ba6+ 12. c4 Bc5 13. Qxf4 Bxc4+ 14. Kd1
Qxf4 15. Bxf4 O-O 16. Nc3 Bxf1 17. Rxf1 Bb4 18. Nb5 bxa5 19. Nxc7 Rac8 20. d6 g5
21. Bxg5 1-0

[Event "AUTO-OPEN-1294"]
[Site "http://www.queenalice.com/game.php?id=474351"]
[Date "2008.10.8"]
[Round "1"]
[White "zZzFrankzZz"]
[Black "diego2907"]
[Result "0-1"]
[WhiteElo "1015"]
[BlackElo "1803"]

1. e4 e5 2. Qh5 d6 3. Bc4 g6 4. Qf3 Nf6 5. h3 Bg7 6. Nc3 a6 7. b4 b5 8. Bd5 c6
9. Bb3 a5 10. a4 axb4 11. g4 bxc3 12. g5 cxd2+ 13. Bxd2 bxa4 14. Rxa4 Rxa4 15.
Bxa4 Nfd7 0-1

[Event "AUTO-OPEN-1294"]
[Site "http://www.queenalice.com/game.php?id=474352"]
[Date "2008.10.8"]
[Round "1"]
[White "diego2907"]
[Black "zZzFrankzZz"]
[Result "1-0"]
[WhiteElo "1805"]
[BlackElo "1013"]

1. e4 e5 2. Bc4 g5 3. d3 Nh6 4. Nf3 Nc6 5. Nxg5 f6 6. Nh3 a6 7. Qh5+ Ke7 8. Bxh6
Bxh6 9. Qxh6 b5 10. Bd5 Qf8 11. Nc3 Qxh6 12. O-O Rb8 13. Bb3 Nd4 14. Rfe1 Nxb3
15. axb3 1-0

[Event "AUTO-BEG-255"]
[Site "http://www.queenalice.com/game.php?id=475313"]
[Date "2008.10.10"]
[Round "1"]
[White "Questao"]
[Black "zZzFrankzZz"]
[Result "1-0"]
[WhiteElo "1317"]
[BlackElo "1024"]

1. e4 d5 2. e5 e6 3. Bb5+ c6 4. Bd3 g6 5. Qf3 Nd7 6. Qf4 Bh6 7. Qg3 Qg5 8. Qxg5
Bxg5 9. Nf3 f6 10. h4 Bf4 11. g3 Bxe5 12. h5 g5 13. Bg6+ hxg6 14. d4 Bd6 15. g4
c5 16. Nc3 cxd4 17. Nxd4 Nc5 18. Ncb5 1-0

[Event "AUTO-BEG-255"]
[Site "http://www.queenalice.com/game.php?id=475314"]
[Date "2008.10.10"]
[Round "1"]
[White "zZzFrankzZz"]
[Black "Questao"]
[Result "0-1"]
[WhiteElo "1030"]
[BlackElo "1312"]

1. e4 e5 2. Qh5 d6 3. d4 exd4 4. Qd5 c5 5. Bc4 Qa5+ 6. c3 Nd7 7. Qxf7+ Kd8 8.
Bd2 Ngf6 9. b4 Qc7 10. cxd4 Nb6 11. Qxc7+ Kxc7 12. Na3 Nxe4 13. dxc5 dxc5 14.
Bf4+ Bd6 15. Bxd6+ Nxd6 16. Nb5+ Nxb5 17. Bxb5 a6 18. Be2 cxb4 0-1

[Event "AUTO-BEG-255"]
[Site "http://www.queenalice.com/game.php?id=475333"]
[Date "2008.10.10"]
[Round "1"]
[White "zZzFrankzZz"]
[Black "Aleksander"]
[Result "0-1"]
[WhiteElo "998"]
[BlackElo "2122"]

1. e4 e5 2. Qh5 Nc6 3. h4 Nf6 4. Qf3 Bc5 5. c3 d6 6. b4 Bb6 7. a4 a5 8. b5 Ne7
9. h5 Bg4 10. Qd3 d5 11. exd5 e4 0-1